[Event "It (open)"]
[Site "masterchessopen.com Hamburg (Germany)"]
[Date "2001.09.29"]
[Round "2"]
[White "Hintz Martin Dr (GER)"]
[Black "Thiel Thomas (GER)"]
[Result "0-1"]
[WhiteElo "2028"]
[BlackElo "2315"]

1.d4 Nf6 2.c4 g6 3.Nc3 d5 4.cxd5 Nxd5 5.e4 Nxc3 6.bxc3 c5 7.Bc4 Bg7 8.Ne2 O-O
9.O-O Nc6 10.Be3 Bg4 11.f3 Na5 12.Bd3 cxd4 13.cxd4 Be6 14.Qa4 a6 15.Rac1 b5
16.Qb4 Bxa2 17.Ra1 Bc4 18.Bxc4 Nxc4 19.Bf2 Qd7 20.Ra2 Rfc8 21.d5 e6 22.Nf4 a5
23.dxe6 fxe6 24.Qe1 b4 25.Qd1 Qxd1 26.Rxd1 a4 27.Nxe6 b3 28.Re2 Bc3 29.Bd4
Bxd4+ 30.Nxd4 Rd8 31.Ree1 b2 32.Nb5 Rxd1 33.Rxd1 a3 34.Nc3 a2 35.Nxa2 Rxa2
36.Rd8+ Kf7 37.Rb8 Ra1+ {#R} 0-1

[Event "Ch Austria (juniors) (under 16)"]
[Site "masterchessopen.com Austria"]
[Round "4"]
[White "Hoelzl Juergen (AUT)"]
[Black "Kreisl Robert (AUT)"]
[Result "0-1"]
[WhiteElo "1496"]
[BlackElo "2121"]

1.d4 Nf6 2.c4 g6 3.Nc3 d5 4.cxd5 Nxd5 5.e4 Nxc3 6.bxc3 Bg7 7.Bc4 c5 8.Ne2 Nc6
9.Be3 O-O 10.O-O Bg4 11.f3 Na5 12.Bd3 cxd4 13.cxd4 Be6 14.Qa4 b6 15.Rac1 Rc8
16.Bb5 f5 17.d5 Bf7 18.Ba6 Rxc1 19.Rxc1 fxe4 20.fxe4 e6 21.dxe6 Bxe6 22.Qc2
Qe7 23.Nf4 Bf7 24.Bd2 Qa3 25.Nd5 Nb3 26.Qxb3 Qxa6 27.Bb4 Re8 28.Qf3 Bxd5
29.exd5 Qxa2 30.Rf1 Qe2 31.Qf7+ Kh8 32.d6 Rf8 33.d7 Bd4+ 34.Qf2 Bxf2+ {#R} 0-1

[Event "Ch Europe"]
[Site "masterchessopen.com Batumi (Georgia)"]
[Round "10"]
[White "Bayram Yakup (TUR)"]
[Black "Arman Deniz (TUR)"]
[Result "1-0"]
[WhiteElo "2308"]
[BlackElo "2151"]

1.d4 Nf6 2.c4 g6 3.Nc3 d5 4.cxd5 Nxd5 5.e4 Nxc3 6.bxc3 Bg7 7.Bc4 O-O 8.Ne2 c5
9.O-O cxd4 10.cxd4 Nc6 11.Be3 Bg4 12.f3 Na5 13.Bd3 Be6 14.Rc1 Bxa2 15.Qa4 Be6
16.d5 Bd7 17.Qb4 b6 18.Ba6 b5 19.Nd4 Qb6 20.Nf5 Qxa6 21.Nxg7 Nc4 22.Rxc4 bxc4
23.Qxe7 Qc8 24.Nh5 gxh5 25.Qg5+ Kh8 26.Qf6+ Kg8 27.Bd4 {#r} 1-0

[Event "Czech League 2002/03 (2nd) (c)"]
[Site "masterchessopen.com Czech Republic"]
[Round "1"]
[White "Urbankova Eva (CZE)"]
[Black "Borkovec Milan (CZE)"]
[Result "1-0"]
[WhiteElo "2191"]
[BlackElo "2211"]

1.d4 Nf6 2.c4 g6 3.Nc3 d5 4.cxd5 Nxd5 5.e4 Nxc3 6.bxc3 Bg7 7.Bc4 c5 8.Ne2 O-O
9.O-O cxd4 10.cxd4 Nc6 11.Be3 Bg4 12.f3 Na5 13.Bd3 Be6 14.d5 Bxa1 15.Qxa1 f6
16.Rb1 b6 17.Bh6 Re8 18.Qd4 Bd7 19.e5 e6 20.exf6 e5 21.Qh4 Rc8 22.Bg5 {#r} 1-0

[Event "It (open)"]
[Site "masterchessopen.com Deizisau (Germany)"]
[Round "1"]
[White "Farago Ivan (HUN)"]
[Black "Wartlick Karl (GER)"]
[Result "1-0"]
[WhiteElo "2483"]
[BlackElo "2152"]

1.d4 Nf6 2.c4 g6 3.Nc3 d5 4.cxd5 Nxd5 5.e4 Nxc3 6.bxc3 Bg7 7.Bc4 c5 8.Ne2 Nc6
9.Be3 O-O 10.O-O Bg4 11.f3 cxd4 12.cxd4 Na5 13.Bd3 Be6 14.d5 Bxa1 15.Qxa1 f6
16.Rb1 b6 17.Bh6 Re8 18.Nf4 Bf7 19.Bb5 Qd6 20.Bxe8 Bxe8 21.Re1 Rc8 22.Ne6 Nc4
23.Bf4 Qb4 24.e5 Nb2 25.exf6 {#r} 1-0

[Event "It (open)"]
[Site "masterchessopen.com Dresden (Germany)"]
[Round "2"]
[White "Gustafsson Jan (GER)"]
[Black "Bachmann Andreas (GER)"]
[Result "1-0"]
[WhiteElo "2566"]
[BlackElo "2243"]

1.d4 Nf6 2.c4 g6 3.Nc3 d5 4.cxd5 Nxd5 5.e4 Nxc3 6.bxc3 Bg7 7.Bc4 c5 8.Ne2 O-O
9.O-O cxd4 10.cxd4 Nc6 11.Be3 Bg4 12.f3 Na5 13.Bd3 Be6 14.d5 Bxa1 15.Qxa1 f6
16.Bh6 Re8 17.Kh1 Rc8 18.Nf4 Bf7 19.e5 Bxd5 20.Rd1 e6 21.exf6 Qc7 22.Qb1 Qe5
23.Bxg6 Qxf6 24.Bxe8 Rxe8 25.Nxd5 Qxh6 26.Nc3 Qg7 27.Ne4 Nc4 28.Rd7 Re7
29.Rd8+ Kf7 30.Qc1 h6 31.Qf4+ Kg6 32.Qg4+ {#r} 1-0

[Event "It (b)"]
[Site "masterchessopen.com Gausdal (Norway)"]
[Round "7"]
[White "Kourkounakis Ilias (GRE)"]
[Black "Byklum Bjornar (NOR)"]
[Result "1-0"]
[WhiteElo "2375"]
[BlackElo "2214"]

1.d4 Nf6 2.c4 g6 3.Nc3 d5 4.cxd5 Nxd5 5.e4 Nxc3 6.bxc3 Bg7 7.Bc4 O-O 8.Ne2 c5
9.O-O cxd4 10.cxd4 Nc6 11.Be3 Bg4 12.f3 Na5 13.Bd3 Be6 14.d5 Bxa1 15.Qxa1 f6
16.Kh1 b6 17.Bh6 Re8 18.Nf4 Bd7 19.e5 Rc8 20.e6 Ba4 21.Qb1 Qc7 22.Bxg6 Bc2
23.Bf7+ Kh8 24.Qe1 Qc4 25.d6 exd6 26.Qa1 {#r} 1-0

[Event "Match \"]
[Site "masterchessopen.com Germany"]
[Round "1"]
[White "Rau Hannes (GER)"]
[Black "Jens Jelmer (NED)"]
[Result "0-1"]
[WhiteElo "2328"]
[BlackElo "2359"]

1.d4 Nf6 2.c4 g6 3.Nc3 d5 4.cxd5 Nxd5 5.e4 Nxc3 6.bxc3 Bg7 7.Bc4 c5 8.Ne2 O-O
9.O-O Nc6 10.Be3 Bg4 11.f3 Na5 12.Bd3 cxd4 13.cxd4 Be6 14.d5 Bxa1 15.Qxa1 f6
16.Bh6 Re8 17.Kh1 Rc8 18.Nf4 Bd7 19.e5 Nc4 20.e6 Ba4 21.Re1 Qb6 22.Rb1 Qe3
23.d6 Nxd6 24.Re1 Qd2 25.Rg1 Bc2 26.Bxc2 Rxc2 27.Rd1 Rxa2 28.Qb1 Qc2 {#R} 0-1

[Event "It (open)"]
[Site "masterchessopen.com Graz (Austria)"]
[Round "7"]
[White "Almer Gerald (AUT)"]
[Black "Hoellrigl Wilfried (AUT)"]
[Result "0-1"]
[WhiteElo "2102"]
[BlackElo "2198"]

1.d4 Nf6 2.c4 g6 3.Nc3 d5 4.cxd5 Nxd5 5.e4 Nxc3 6.bxc3 Bg7 7.Bc4 O-O 8.Ne2 c5
9.O-O Nc6 10.Be3 Bg4 11.f3 cxd4 12.cxd4 Na5 13.Bd3 Be6 14.Qa4 Bd7 15.Qb4 Nc6
16.Qb2 Qa5 17.Rab1 Rab8 18.Bd2 Qd8 19.Rfc1 b5 20.Rc5 a6 21.Rbc1 Qb6 22.Be3
Rfc8 23.Qd2 Nxd4 24.Rd5 Rxc1+ 25.Qxc1 Nxe2+ 26.Bxe2 Qc6 27.Qd2 Rb7 28.Rc5 Qe6
29.Rc8+ Bxc8 30.Qd8+ Bf8 31.Bh6 Qb6+ {#R} 0-1

[Event "Cup European Club (final)"]
[Site "masterchessopen.com Halkidiki (Greece)"]
[Round "2"]
[White "Kharlov Andrei (RUS)"]
[Black "Sands David (ENG)"]
[Result "1-0"]
[WhiteElo "2597"]
[BlackElo "2252"]

1.d4 Nf6 2.c4 g6 3.Nc3 d5 4.cxd5 Nxd5 5.e4 Nxc3 6.bxc3 Bg7 7.Bc4 O-O 8.Ne2 c5
9.O-O Nc6 10.Be3 Bg4 11.f3 Na5 12.Bd3 cxd4 13.cxd4 Be6 14.d5 Bxa1 15.Qxa1 f6
16.Bh6 Re8 17.Kh1 Rc8 18.Nf4 Bd7 19.e5 Nc4 20.e6 Ba4 21.Nxg6 hxg6 22.Bxg6 Ne5
23.Be4 Bc2 24.Bxc2 Rxc2 25.Qd1 Rc5 26.f4 Qxd5 27.Qh5 Qxe6 28.Qxe8+ Kh7 29.fxe5
Kxh6 30.exf6 Qxf6 {#r} 1-0

[Event "Ch Pan-American (juniors) (under 20)"]
[Site "masterchessopen.com La Paz (Bolivia)"]
[Round "8"]
[White "Andrade Ulises (VEN)"]
[Black "Vasquez Michael (CHI)"]
[Result "1-0"]
[WhiteElo "2246"]
[BlackElo "1653"]

1.d4 Nf6 2.c4 g6 3.Nc3 d5 4.cxd5 Nxd5 5.e4 Nxc3 6.bxc3 Bg7 7.Bc4 c5 8.Ne2 O-O
9.O-O Nc6 10.Be3 Bg4 11.f3 Na5 12.Bd3 cxd4 13.cxd4 Be6 14.Qa4 Rc8 15.Rac1 b6
16.Ba6 Bd7 17.Qb4 Rxc1 18.Rxc1 e5 19.d5 f5 20.Qd6 fxe4 21.fxe4 Qe8 22.Rc7 Bg4
23.Ng3 Qa4 24.Qe7 Qd1+ 25.Nf1 {#r} 1-0

[Event "It (open)"]
[Site "masterchessopen.com Lappeenranta (Finland)"]
[Round "3"]
[White "Aijala Jouko (FIN)"]
[Black "Jantti Petri (FIN)"]
[Result "1-0"]
[WhiteElo "2167"]
[BlackElo "2087"]

1.d4 Nf6 2.c4 g6 3.Nc3 d5 4.cxd5 Nxd5 5.e4 Nxc3 6.bxc3 Bg7 7.Bc4 c5 8.Ne2 Nc6
9.Be3 O-O 10.O-O Bg4 11.f3 Na5 12.Bd3 cxd4 13.cxd4 Be6 14.Rc1 Bxa2 15.d5 Bb2
16.Rc5 Ba3 17.Rb5 Bc4 18.Rxa5 Qxa5 19.Bxc4 b5 20.Bb3 Rfc8 21.Qd3 Bc5 22.Bxc5
Rxc5 23.e5 Qb6 24.Kh1 a5 25.f4 a4 26.Ba2 b4 27.f5 b3 28.Bb1 a3 29.e6 Rf8
30.fxg6 hxg6 31.Rxf7 Rxf7 32.Qxg6+ {#r} 1-0

[Event "It \"]
[Site "masterchessopen.com Las Vegas (USA)"]
[Round "2"]
[White "Delgado Victor (USA)"]
[Black "Semenic Igor (SUI)"]
[Result "1-0"]
[WhiteElo "2321"]
[BlackElo "1953"]

1.d4 Nf6 2.c4 g6 3.Nc3 d5 4.cxd5 Nxd5 5.e4 Nxc3 6.bxc3 c5 7.Bc4 Bg7 8.Ne2 Nc6
9.Be3 O-O 10.O-O Na5 11.Bd3 cxd4 12.cxd4 Bg4 13.f3 Be6 14.d5 Bxa1 15.Qxa1 f6
16.Rb1 b6 17.Bh6 Re8 18.Nf4 Bd7 19.e5 Rc8 20.Qd4 Rc5 21.Rd1 Bc6 22.Nxg6 Qxd5
23.Qg4 Kf7 24.e6+ Qxe6 25.Nh8+ Rxh8 26.Qg7+ Ke8 27.Bg6+ hxg6 28.Qxh8+ {#r} 1-0

[Event "It (b)"]
[Site "masterchessopen.com Selfoss (Iceland)"]
[Round "3"]
[White "Pedersen Steffen (DEN)"]
[Black "Kjartansson Gudmundur (ISL)"]
[Result "1-0"]
[WhiteElo "2441"]
[BlackElo "2106"]

1.d4 Nf6 2.c4 g6 3.Nc3 d5 4.cxd5 Nxd5 5.e4 Nxc3 6.bxc3 Bg7 7.Bc4 O-O 8.Ne2 c5
9.Be3 Nc6 10.O-O Bg4 11.f3 Na5 12.Bd3 cxd4 13.cxd4 Be6 14.d5 Bd7 15.Rb1 b6
16.Qd2 e6 17.Rfc1 exd5 18.exd5 Bc8 19.Nd4 Bb7 20.Nc6 Bxc6 21.dxc6 Rc8 22.Bb5
Qe7 23.Bg5 Qe5 24.Bf4 Qf5 25.c7 Be5 26.Bxe5 Qxe5 27.Qc3 Qxc3 28.Rxc3 Nb7
29.Ba6 Nc5 30.Bxc8 Rxc8 31.Rxc5 {#r} 1-0

[Event "Ch Slovenia (team) (juniors)"]
[Site "masterchessopen.com Slovenia"]
[Round "6"]
[White "Gomboc Miha (SLO)"]
[Black "Kukovec Borut (SLO)"]
[Result "0-1"]
[WhiteElo "2144"]
[BlackElo "2179"]

1.d4 Nf6 2.c4 g6 3.Nc3 d5 4.cxd5 Nxd5 5.e4 Nxc3 6.bxc3 Bg7 7.Bc4 c5 8.Ne2 O-O
9.O-O Nc6 10.Be3 cxd4 11.cxd4 Bg4 12.f3 Na5 13.Bd3 Be6 14.Rc1 Bxa2 15.Qa4 Bb3
16.Qb4 Be6 17.d5 Bd7 18.f4 Re8 19.Rfd1 b6 20.Ba6 Bc8 21.Bb5 Bd7 22.Bc6 Rc8
23.Qa4 Rc7 24.Nd4 Bxd4 25.Rxd4 Bxc6 26.dxc6 Qa8 27.Bd2 Rxc6 28.Rf1 Rc5 29.f5
Qc6 30.fxg6 hxg6 31.Qd1 Rc4 32.Qf3 Qe6 33.Rd7 Nc6 34.Rd5 Rxe4 35.Rd3 b5 36.Rc1
Nd4 {#R} 0-1

[Event "Tournament (Elo)"]
[Site "masterchessopen.com Stockholm (Sweden)"]
[Round "1"]
[White "Rylander Dennis (SWE)"]
[Black "Kyhle Bo (SWE)"]
[Result "1-0"]
[WhiteElo "2357"]
[BlackElo "2199"]

1.d4 Nf6 2.c4 g6 3.Nc3 d5 4.cxd5 Nxd5 5.e4 Nxc3 6.bxc3 Bg7 7.Bc4 c5 8.Ne2 Nc6
9.Be3 O-O 10.O-O Bg4 11.f3 Na5 12.Bd3 cxd4 13.cxd4 Be6 14.Rc1 Bxa2 15.Qa4 Bb3
16.Qb4 b6 17.Ba6 Qd6 18.Qxd6 exd6 19.d5 Bb2 20.Rc7 Ba3 21.Ra1 Bc5 22.Bxc5 dxc5
23.Nc3 Rad8 24.Rxa7 f6 25.Bb5 Rf7 26.Ra6 Rb7 27.Rb1 c4 28.Bxc4 Rc8 29.Bxb3
Rxc3 30.Ba4 Nc4 31.Ra8+ Kg7 32.Rc8 Nd2 33.Rxc3 Nxb1 34.Rd3 Kf8 35.d6 Rb8
36.Bc2 {#r} 1-0

[Event "It (open)"]
[Site "masterchessopen.com Struga (Macedonia)"]
[Round "4"]
[White "Petrov Saravco (MKD)"]
[Black "Sarlamanov Pance (MKD)"]
[Result "0-1"]
[WhiteElo "2097"]
[BlackElo "2280"]

1.d4 Nf6 2.c4 g6 3.Nc3 d5 4.cxd5 Nxd5 5.e4 Nxc3 6.bxc3 Bg7 7.Bc4 O-O 8.Ne2 c5
9.O-O Nc6 10.Be3 Bg4 11.f3 Na5 12.Bd3 cxd4 13.cxd4 Be6 14.Qa4 a6 15.Rfd1 b5
16.Qb4 Nc4 17.Bf2 Nb6 18.a3 Bd7 19.Rab1 e6 20.Be3 Re8 21.Qb3 Bf8 22.Bd2 Na4
23.Rdc1 Rc8 24.Rxc8 Qxc8 25.Ba5 Qa8 26.Bd2 Rc8 27.Kf1 Nb6 28.Rc1 Rxc1+ 29.Bxc1
Qc6 30.Bb2 Na4 31.Bc1 Bd6 32.Bd2 Bf8 33.h3 Nb6 34.Ke1 h5 35.h4 Bg7 36.g3 Qc8
37.Ba5 Nc4 38.Bxc4 bxc4 39.Qc3 Bb5 40.Bb4 Qc7 {#R} 0-1

[Event "Ch Spain (universities)"]
[Site "masterchessopen.com Torrelavega (Spain)"]
[Round "4"]
[White "Cubero Ferreiro Rodrigo (ESP)"]
[Black "Gonzalez Diaz Diego (ESP)"]
[Result "0-1"]
[WhiteElo "2124"]
[BlackElo "2288"]

1.d4 Nf6 2.c4 g6 3.Nc3 d5 4.cxd5 Nxd5 5.e4 Nxc3 6.bxc3 Bg7 7.Bc4 c5 8.Ne2 Nc6
9.Be3 O-O 10.O-O Bg4 11.f3 Na5 12.Bd3 cxd4 13.cxd4 Be6 14.d5 Bxa1 15.Qxa1 f6
16.Bh6 Re8 17.h4 Bf7 18.Nf4 Rc8 19.Kh1 Qd6 20.Qe1 Nc4 21.Nh3 Qe5 22.Qf2 Qc3
23.Bb1 b6 24.Bc1 Rc5 25.f4 Rb5 26.Bc2 Rc8 27.h5 Nb2 28.Bb1 Nd1 29.Rxd1 Rxb1
30.hxg6 hxg6 {#R} 0-1

[Event "It (open)"]
[Site "masterchessopen.com Unna (Germany)"]
[Round "7"]
[White "Hellwig Thomas (GER)"]
[Black "Barskij Aleksandr (GER)"]
[Result "1-0"]
[WhiteElo "2046"]
[BlackElo "2009"]

1.d4 Nf6 2.c4 g6 3.Nc3 d5 4.cxd5 Nxd5 5.e4 Nxc3 6.bxc3 Bg7 7.Bc4 c5 8.Be3 O-O
9.Ne2 Nc6 10.O-O Bg4 11.f3 Na5 12.Bd3 cxd4 13.cxd4 Be6 14.Rc1 Bxa2 15.Qa4 Be6
16.d5 Bd7 17.Qa3 e6 18.Nc3 b6 19.Ba6 Re8 20.Rfd1 Qb8 21.Bb5 Bf8 22.d6 Qd8
23.Qa4 Bxb5 24.Nxb5 e5 25.Nc7 Nb7 26.Nxe8 Qxe8 27.Qxe8 Rxe8 28.d7 Re6 29.d8=Q
Nxd8 30.Rxd8 Kg7 31.Bh6+ Kxh6 32.Rxf8 Kg7 33.Ra8 a5 34.Ra6 {#r} 1-0

[Event "Ch Slovenia (team)"]
[Site "masterchessopen.com Slovenia"]
[Date "2002.11.23"]
[Round "9"]
[White "Atalik Suat (BIH)"]
[Black "Ruck Robert (HUN)"]
[Result "1-0"]
[WhiteElo "2581"]
[BlackElo "2583"]

1.d4 Nf6 2.c4 g6 3.Nc3 d5 4.cxd5 Nxd5 5.e4 Nxc3 6.bxc3 Bg7 7.Bc4 c5 8.Ne2 Nc6
9.Be3 O-O 10.O-O Bg4 11.f3 Na5 12.Bd3 cxd4 13.cxd4 Be6 14.d5 Bxa1 15.Qxa1 f6
16.Bh6 Qb6+ 17.Kh1 Bd7 18.Rb1 Qd6 19.Bxf8 Rxf8 20.Qc3 b6 21.Ba6 e6 22.Rd1 Bc6
23.dxc6 Qxd1+ 24.Ng1 Nxc6 25.Qxc6 Kg7 26.Bc4 e5 27.Bd5 Kh6 28.Qc7 b5 29.Qc5
Rb8 30.Qe3+ g5 31.Qxa7 Rc8 32.Qf7 Rc1 33.Qxf6+ {#r} 1-0

[Event "It (open) \"]
[Site "masterchessopen.com Bratislava (Slovakia)"]
[Round "0"]
[White "Pacher Milan (SVK)"]
[Black "Bures Vit (CZE)"]
[Result "1-0"]
[WhiteElo "2063"]
[BlackElo "2192"]

1.d4 Nf6 2.c4 g6 3.Nc3 d5 4.cxd5 Nxd5 5.e4 Nxc3 6.bxc3 Bg7 7.Bc4 c5 8.Ne2 Nc6
9.Be3 O-O 10.O-O Bg4 11.f3 cxd4 12.cxd4 Na5 13.Bd3 Be6 14.d5 Bxa1 15.Qxa1 f6
16.Bh6 Re8 17.Nf4 Bf7 18.Kh1 a6 19.e5 e6 20.dxe6 Bxe6 21.exf6 Bf7 22.h4 Nc6
23.h5 Qd4 24.Qxd4 Nxd4 25.hxg6 hxg6 26.Nxg6 Nc6 27.g4 Rad8 28.Bb1 Bc4 29.Rg1
Re2 30.Nf4 Rf2 31.Be4 Ne5 32.Nh3 Rxa2 33.Ng5 Rd7 34.Bg7 Bd3 35.Rc1 Nc4 36.Rxc4
{#r} 1-0

[Event "Ch Europe (juniors) (under 16)"]
[Site "masterchessopen.com Budva (Yugoslavia)"]
[Round "7"]
[White "Rodic Donjan (SUI)"]
[Black "Ates Erdem (TUR)"]
[Result "0-1"]
[WhiteElo "2086"]
[BlackElo "2123"]

1.d4 Nf6 2.c4 g6 3.Nc3 d5 4.cxd5 Nxd5 5.e4 Nxc3 6.bxc3 Bg7 7.Bc4 c5 8.Ne2 O-O
9.O-O Nc6 10.Be3 cxd4 11.cxd4 Na5 12.Bd3 Bg4 13.f3 Be6 14.Qa4 a6 15.Rfd1 b5
16.Qb4 Rc8 17.Bf2 Bc4 18.Bxc4 Rxc4 19.Qd2 Qc7 20.Rac1 Rc8 21.a4 Nb3 22.Rxc4
Qxc4 23.Qe3 bxa4 24.Rd3 Nc1 25.Nxc1 Qxc1+ 26.Qe1 a3 27.Rd1 Qb2 {#R} 0-1

[Event "Ch Costa Rica"]
[Site "masterchessopen.com Cenfotec (Costa Rica)"]
[Round "7"]
[White "Gutierrez Oscar (NCA)"]
[Black "Carvajal Jonathan (CRC)"]
[Result "1-0"]
[WhiteElo "2093"]
[BlackElo "2125"]

1.d4 Nf6 2.c4 g6 3.Nc3 d5 4.cxd5 Nxd5 5.e4 Nxc3 6.bxc3 Bg7 7.Bc4 O-O 8.Ne2 c5
9.O-O Nc6 10.Be3 Bg4 11.f3 Na5 12.Bd3 cxd4 13.cxd4 Be6 14.Qa4 Bd7 15.Qb4 a6
16.Rac1 b5 17.Rc2 Nc6 18.Qb2 Qb6 19.Bf2 Rfc8 20.a4 b4 21.e5 Qd8 22.Be4 a5
23.Rfc1 Qe8 24.Rc5 e6 25.Qc2 Ra6 26.Bd3 Raa8 27.Be4 Ra6 28.f4 Bf8 29.Rc4 Ne7
30.Bh4 Rxc4 31.Qxc4 Ra7 32.Qc5 Nc8 33.Qc2 Bxa4 34.Qxc8 {#r} 1-0

[Event "It (open) \"]
[Site "masterchessopen.com Copenhagen (Denmark)"]
[Round "3"]
[White "Pedersen Audun (NOR)"]
[Black "Roder Peter (DEN)"]
[Result "0-1"]
[WhiteElo "2054"]
[BlackElo "2148"]

1.d4 Nf6 2.c4 g6 3.Nc3 d5 4.cxd5 Nxd5 5.e4 Nxc3 6.bxc3 Bg7 7.Bc4 c5 8.Ne2 O-O
9.O-O Nc6 10.Be3 Bg4 11.f3 Na5 12.Bd3 cxd4 13.cxd4 Be6 14.d5 Bxa1 15.Qxa1 f6
16.Bh6 Re8 17.Kh1 Rc8 18.Qd4 Bd7 19.Rb1 b6 20.e5 Rc5 21.Nf4 Qc7 22.Nxg6 hxg6
23.exf6 exf6 24.Qxf6 Bf5 25.Be4 Qe5 26.Qh4 Bxe4 27.Re1 Rxd5 28.Bf4 Qe7 29.Qg3
Qf7 30.fxe4 Rxe4 31.Rc1 Rxf4 {#R} 0-1

[Event "Ch Norway"]
[Site "masterchessopen.com Fredrikstad (Norway)"]
[Round "2"]
[White "Kristensen Bjarke (DEN)"]
[Black "Bae Torstein (NOR)"]
[Result "1-0"]
[WhiteElo "2401"]
[BlackElo "2277"]

1.d4 Nf6 2.c4 g6 3.Nc3 d5 4.cxd5 Nxd5 5.e4 Nxc3 6.bxc3 Bg7 7.Bc4 c5 8.Ne2 O-O
9.Be3 Nc6 10.O-O Bg4 11.f3 Na5 12.Bd3 cxd4 13.cxd4 Be6 14.d5 Bxa1 15.Qxa1 f6
16.Qd4 Bd7 17.e5 a6 18.a4 fxe5 19.Qxe5 Rf6 20.Rb1 Bxa4 21.Bc5 Kf7 22.Nd4 Qd7
23.Bb6 Bb5 24.Bxb5 axb5 25.Qe6+ Ke8 26.Qg8+ Rf8 27.Qxh7 Qxd5 28.Qxg6+ Qf7
29.Qe4 Qc4 30.Nxb5 {#r} 1-0

[Event "Ch Germany (Internet)"]
[Site "masterchessopen.com Internet"]
[Round "22"]
[White "Gustafsson Jan (GER)"]
[Black "Hintze Helge (GER)"]
[Result "1-0"]
[WhiteElo "2603"]
[BlackElo "2296"]

1.d4 Nf6 2.c4 g6 3.Nc3 d5 4.cxd5 Nxd5 5.e4 Nxc3 6.bxc3 c5 7.Bc4 Bg7 8.Ne2 Nc6
9.Be3 O-O 10.O-O Bg4 11.f3 Na5 12.Bd3 cxd4 13.cxd4 Be6 14.d5 Bxa1 15.Qxa1 f6
16.Bh6 Re8 17.Kh1 Bd7 18.e5 a6 19.Nf4 Bb5 20.Bxg6 hxg6 21.Qb1 f5 22.Qe1 Qb6
23.e6 Bxf1 24.Qe5 Bxg2+ 25.Kxg2 Qb1 26.Qg7# 1-0

[Event "It (open) \"]
[Site "masterchessopen.com Izmir (Turkey)"]
[Round "1"]
[White "Harstad Christian (NOR)"]
[Black "Chigladze Iveri (GEO)"]
[Result "0-1"]
[WhiteElo "2109"]
[BlackElo "2344"]

1.d4 Nf6 2.c4 g6 3.Nc3 d5 4.cxd5 Nxd5 5.e4 Nxc3 6.bxc3 Bg7 7.Bc4 c5 8.Ne2 O-O
9.Be3 Nc6 10.O-O Bg4 11.f3 Na5 12.Bd3 cxd4 13.cxd4 Be6 14.Rc1 Bxa2 15.Qa4 Be6
16.d5 Bd7 17.Qb4 b6 18.Ba6 e6 19.Rfd1 exd5 20.Rxd5 Qe8 21.Rc7 Be6 22.Bb5 Qb8
23.Bf4 Bxd5 24.exd5 Qd8 25.d6 Qf6 26.d7 Qa1+ 27.Kf2 Be5 28.Rc1 Qb2 29.Qxb2
Bxb2 30.Rc2 Bf6 31.Ba6 Nb3 32.Be3 Be7 33.Nc1 Nxc1 34.Bxc1 Rfd8 35.Bb5 Bc5+
{#R} 0-1

[Event "It (open) \"]
[Site "masterchessopen.com Izmir (Turkey)"]
[Round "4"]
[White "Oluc Hakan (TUR)"]
[Black "Harstad Christian (NOR)"]
[Result "0-1"]
[WhiteElo "1972"]
[BlackElo "2109"]

1.d4 Nf6 2.c4 g6 3.Nc3 d5 4.cxd5 Nxd5 5.e4 Nxc3 6.bxc3 Bg7 7.Bc4 O-O 8.Ne2 c5
9.O-O Nc6 10.Be3 Bg4 11.f3 Na5 12.Bd3 cxd4 13.cxd4 Be6 14.Qa4 a6 15.Rac1 b5
16.Qa3 Nc4 17.Bxc4 Bxc4 18.Qb2 Bxe2 19.Qxe2 Bxd4 20.Rfd1 Bxe3+ 21.Qxe3 Qa5
22.Rd2 Rfd8 23.Rdc2 Rd7 24.Qg5 Rad8 25.h4 Qb6+ 26.Kf1 Kg7 27.Ke2 Qd4 28.Qe3
Qb4 29.h5 h6 30.hxg6 fxg6 31.Qb3 Rd2+ 32.Ke3 Qd4+ 33.Kf4 Qf6+ 34.Kg4 Qg5+
35.Kh3 Qxg2+ 36.Kh4 g5+ 37.Kh5 Qh3# 0-1

[Event "It (open)"]
[Site "masterchessopen.com Lausanne (Switzerland)"]
[Round "5"]
[White "Sadeghi Hassan (SUI)"]
[Black "Ballmann Martin (SUI)"]
[Result "0-1"]
[WhiteElo "2168"]
[BlackElo "2424"]

1.d4 Nf6 2.c4 g6 3.Nc3 d5 4.cxd5 Nxd5 5.e4 Nxc3 6.bxc3 Bg7 7.Bc4 c5 8.Ne2 cxd4
9.cxd4 O-O 10.O-O Nc6 11.Be3 Bg4 12.f3 Na5 13.Bd3 Be6 14.d5 Bxa1 15.Qxa1 f6
16.f4 Bf7 17.Nd4 Rc8 18.f5 Nc4 19.Bh6 Re8 20.Bf4 a6 21.Kh1 Qb6 22.Ne6 Bxe6
23.fxe6 Qb2 24.Qe1 Ne5 25.Bb1 Rc4 26.h4 h5 27.Qg3 Kg7 28.Be3 Rec8 29.d6 Rc1
30.Qf4 Rxf1+ 31.Qxf1 {#R} 0-1